书目信息 |
| 题名: |
遥感概论
|
|
| 作者: | ;吕国楷 | |
| 分册: | ||
| 出版信息: | 北京 高等教育出版社 1995 |
|
| 页数: | 198页 | |
| 开本: | 26cm | |
| 丛书名: | ||
| 单 册: | ||
| 中图分类: | TP701 | |
| 科图分类: | 73.84 | |
| 主题词: | 遥感技术--yao gan ji shu--概论--教材 | |
| 电子资源: | ||
| ISBN: | 7-04-005193-1 | |
| 000 | 00631nam0 2200229 450 | |
| 001 | 012006080051 | |
| 005 | 20070619115337.42 | |
| 010 | @a7-04-005193-1@dCNY11.00 | |
| 100 | @a19950913d1995 km y0chiy0121 ea | |
| 101 | 0 | @achi |
| 105 | @ay j 000yy | |
| 200 | 1 | @a遥感概论@Ayao gan gai lun@f吕国楷等编 |
| 205 | @a2版@b修订本 | |
| 210 | @a北京@c高等教育出版社@d1995@h1998 | |
| 215 | @a198页@c图表@d26cm | |
| 300 | @a图版. -- 附: 参考文献 | |
| 606 | @a遥感技术@Ayao gan ji shu@x概论@x教材 | |
| 690 | @aTP701@v4 | |
| 692 | @a73.84 | |
| 702 | 0 | @a吕国楷@ALu Guo Jie |
| 801 | 0 | @aCN@bPFT@c20070619 |
| 905 | @a10447@dTP701@e24=2 | |
| 遥感概论/吕国楷等编.-2版,修订本.-北京:高等教育出版社,1995(1998) |
| 198页:图表;26cm |
| 图版. -- 附: 参考文献 |
| ISBN 7-04-005193-1:CNY11.00 |
| ● |
| 相关链接 |
|
|
|
|
正题名:遥感概论
索取号:TP701/24=2
 
预约/预借
| 序号 | 登录号 | 条形码 | 馆藏地/架位号 | 状态 | 备注 |
| 1 | 0643371 | 206433714 | 库房3/ [索取号:TP701/24=2] | 在馆 | |
| 2 | 0643372 | 206433723 | 库房3/ [索取号:TP701/24=2] | 在馆 | |
| 3 | 0643373 | 206433732 | 库房3/ [索取号:TP701/24=2] | 在馆 | |
| 4 | 0655010 | 206550105 | 库房3/ [索取号:TP701/24=2] | 在馆 |